Window on humanity : A concise introduction to anthropology
The author includes discussions of ethnicity and nationalism in a global context, as well as of diversity and multiculturalism in North America. This text of book highlights anthropology's increasingly transnational, multilocal, and longitudinal perspectives.
Đã lưu trong:
| Tác giả chính: | |
|---|---|
| Định dạng: | Sách |
| Ngôn ngữ: | Undetermined |
| Được phát hành: |
Boston
McGraw-Hill
2005
|
| Những chủ đề: | |
| Các nhãn: |
Thêm thẻ
Không có thẻ, Là người đầu tiên thẻ bản ghi này!
|
| Thư viện lưu trữ: | Trung tâm Học liệu Trường Đại học Cần Thơ |
|---|
| LEADER | 00836nam a2200217Ia 4500 | ||
|---|---|---|---|
| 001 | CTU_137310 | ||
| 008 | 210402s9999 xx 000 0 und d | ||
| 020 | |c 151.84 | ||
| 082 | |a 301 | ||
| 082 | |b K87 | ||
| 100 | |a Kottak, Conrad Phillip | ||
| 245 | 0 | |a Window on humanity : | |
| 245 | 2 | |b A concise introduction to anthropology | |
| 245 | 0 | |c Conrad Phillip Kottak | |
| 260 | |a Boston | ||
| 260 | |b McGraw-Hill | ||
| 260 | |c 2005 | ||
| 520 | |a The author includes discussions of ethnicity and nationalism in a global context, as well as of diversity and multiculturalism in North America. This text of book highlights anthropology's increasingly transnational, multilocal, and longitudinal perspectives. | ||
| 650 | |a Anthropology,Nhân loại học | ||
| 904 | |i Giang | ||
| 980 | |a Trung tâm Học liệu Trường Đại học Cần Thơ | ||